| 000 | 01573cam a22003251 4500 | ||
|---|---|---|---|
| 001 | unitedstatesmone00amer | ||
| 003 | CaSfIA | ||
| 005 | 20210119105112.0 | ||
| 007 | cr|||| | ||
| 008 | 731023s1958 nyua b 100 0 eng | ||
| 035 | _9(DLC) 59006614 | ||
| 856 | 4 | 1 |
_uhttp://www.archive.org/details/unitedstatesmone00amer _zFree eBook from the Internet Archive |
| 856 | 4 | 2 |
_uhttp://www.openlibrary.org/books/OL6269893M _zAdditional information and access via Open Library |
| 010 | _a 59006614 | ||
| 035 | _a(OCoLC)721988 | ||
| 040 |
_aDLC _cODaWU _dOCoLC _dDLC _dCaSfIA |
||
| 042 | _apremarc | ||
| 050 | 0 | 0 |
_aHG538 _b.A56 1958 |
| 082 | _a332.4973 | ||
| 110 | 2 | _aAmerican Assembly. | |
| 245 | 1 | 0 |
_aUnited States monetary policy: _h[electronic resource] _bits contribution to prosperity without inflation; background papers prepared for the use of participants, and the Final report of the Fourteenth American Assembly, Arden House, Harriman Campus of Columbia University, Harriman, New York, October 16-19, 1958. |
| 250 | _aFinal ed. | ||
| 260 |
_a[New York] _c1958. |
||
| 300 |
_aix, 231 p. _billus. _c24 cm. |
||
| 504 | _aBibliographical footnotes. | ||
| 650 | 0 |
_aCurrency question _zUnited States _vCongresses. |
|
| 942 | _cEB | ||
| 506 | _fНеобхідна авторизація на https://archive.org/ (створення облікового запису безкоштовно) | ||
| 506 | _fНеобхідна авторизація на https://openlibrary.org/ (створення облікового запису безкоштовно) | ||
| 999 |
_c561145 _d561145 |
||